000 01070cam a22001934a 4500
005 20250605164145.0
008 250528s ||||||||||||||||||||||||d
035 _a19122
020 _a6728175
040 _aGR-AtMCL
_bgre
_dGR-AtMCL
_eAACR2
245 1 _aLunar Atlas / Prepared by the Space Sciences Laboratory of the Space Division of North American Aviation, Inc.
260 _bDover Publications, Inc,
_c1964
300 _a344
520 _aA helpful guide to the amateur observer, the astronomer, and the space scientist. Introduction, Glossary, The Phases of the Moon, The Waxing and Waning Half-Moon with Grid Coordinates, Table of Lunar Features, Photographic Sections of the Lunar Disk, The Lunar Maria, Tycho and Copernicus - Their Ray Systems and Related Phenomena, The Great Peninsula and Farther South, The ''Old'' Area of the Moon, The Region to the Left of Mare Frigoris, The Area of the Apennines, Photographs Taken with the 120-Inch Lick Reflector.
700 1 _aAlter Dinsmore
_95371
942 _cBK
999 _c4401
_d4401